Statistics for Every Manager to Win the LMA Manager of the Year

Click here to take the quiz!

General Stats

  • This quiz has been taken 35 times
  • The average score is 18 of 28

Answer Stats

YearManagerClubNationality% Correct
1993Alex FergusonManchester UnitedScottish
100%
1999Alex FergusonManchester UnitedScottish
100%
2013Alex FergusonManchester UnitedScottish
100%
2011Alex FergusonManchester UnitedScottish
100%
2008Alex FergusonManchester UnitedScottish
100%
2020Jurgen KloppLiverpoolGerman
100%
2002Arsène WengerArsenalFrench
96%
2004Arsène WengerArsenalFrench
96%
2018Pep GuardiolaManchester CitySpanish
96%
2017Antonio ConteChelseaItalian
86%
2014Brendan RodgersLiverpoolNorthern Irish
86%
2016Claudio RanieriLeicester CityItalian
86%
2003David MoyesEvertonScottish
71%
2005David MoyesEvertonScottish
71%
2009David MoyesEvertonScottish
71%
2019Chris WilderSheffield UnitedEnglish
64%
2015Eddie HoweBournemouthEnglish
64%
2010Roy HodgsonFulhamEnglish
61%
2012Alan PardewNewcastle UnitedEnglish
43%
1994Joe KinnearWimbledonIrish
25%
2000Alan CurbishleyCharlton AthleticEnglish
21%
2007Steve CoppellReadingEnglish
21%
2006Steve CoppellReadingEnglish
21%
1995Frank ClarkNottingham ForestEnglish
18%
2001George BurleyIpswich TownScottish
18%
1996Peter ReidSunderlandEnglish
14%
1997Danny WilsonBarnsleyNorthern Irish
11%
1998Dave JonesSouthamptonEnglish
7%

Score Distribution

Percentile by Number Answered

Percent of People with Each Score

Your Score History

You have not taken this quiz